Wards of Wandsworth, London (2002 - 2022) - Statistics

General Stats
  • This quiz has been taken 21 times
  • The average score is 6 of 20
Answer Stats
Answer % Correct
Tooting
88%
Balham
63%
Earlsfield
63%
Southfields
63%
East Putney
38%
Queenstown
38%
West Putney
38%
Bedford
25%
Fairfield
25%
Furzedown
25%
Graveney
25%
Latchmere
25%
Northcote
25%
Wandsworth Common
25%
West Hill
25%
NIghtingale
13%
Roehampton and Putney Heath
13%
St Mary's Park
13%
Shaftsebury
0%
Thamesfield
0%
No matching quizzes found
Score Distribution
Percent of People with Each Score
Percentile by Number Answered
Your Score History
You have not taken this quiz